| 000 | 00988cam a2200277 a 4500 | ||
|---|---|---|---|
| 001 | 11818332 | ||
| 003 | OSt | ||
| 005 | 20150605183708.0 | ||
| 008 | 991025s2000 njua b 001 0 eng | ||
| 010 | _a 99056220 | ||
| 020 | _a0321049314 | ||
| 040 |
_aDLC _cDLC _dDLC |
||
| 050 | 0 | 0 |
_aBF121 _b.W27 2000 |
| 082 | 0 |
_a150 WAD 1999 _221 |
|
| 100 | 1 |
_aWade, Carole. _95200 |
|
| 245 | 1 | 0 |
_aPsychology / _cCarole Wade, Carol Tavris. |
| 250 | _a6th ed. | ||
| 260 |
_aUpper Saddle River, NJ : _bPrentice Hall, _cc2000. |
||
| 300 |
_axxxii, 654, [96] p. : _bill. (some col.) ; _c28 cm. |
||
| 504 | _aIncludes bibliographical references and indexes. | ||
| 650 | 0 |
_aPsychology _vTextbooks. _95170 |
|
| 700 | 1 |
_aTavris, Carol. _95201 |
|
| 906 |
_a7 _bcbc _corignew _d1 _eocip _f19 _gy-gencatlg |
||
| 942 |
_2z _cSLOAN |
||
| 999 |
_c1994 _d1994 |
||